00401nam a2200121Ia 4500008004100000082001400041245005200055260003700107300001100144942000700155999001900162952009800181230907s9999||||xx |||||||||||||| ||und|| a6.37bSON 0aImage Processing, Analysis And Machine Vision / aCengage Learning,bDelhi :c2017 a870 p. cBK c598877d598877 00104070aCAS-EbCAS-Ed2019-08-17l0o006.37 SONpCAS-E0002976r2023-09-12w2023-09-12yBK